Concepts in enterprise resource planning
Saved in:
| Main Author: | |
|---|---|
| Format: | Sách |
| Language: | Undetermined |
| Published: |
Cengage Learning
2013
|
| Subjects: | |
| Tags: |
Add Tag
No Tags, Be the first to tag this record!
|
| Institutions: | Trung tâm Thư viện - Trường Đại học Công nghiệp TP. Hồ Chí Minh |
|---|
| LEADER | 00539nam a2200157Ia 4500 | ||
|---|---|---|---|
| 001 | UIH_08002 | ||
| 008 | 231011s9999 xx 000 0 und d | ||
| 082 | |a 658.4012 | ||
| 100 | |a Monk, Ellen | ||
| 245 | 0 | |a Concepts in enterprise resource planning | |
| 245 | 0 | |c Monk, Ellen | |
| 260 | |b Cengage Learning | ||
| 260 | |c 2013 | ||
| 650 | |a Hệ thống quản lý thông tin; Lập kế hoạch sản xuất; | ||
| 927 | |a Sách | ||
| 980 | |a Trung tâm Thư viện - Trường Đại học Công nghiệp TP. Hồ Chí Minh | ||